000 00604nam a22002177a 4500
008 150518b xxu||||| |||| 00| 0 eng d
020 _a9780078136634
020 _a0078136636
041 0 _aeng
080 _a657
100 1 _aHoyle, Joe Ben.
245 1 0 _aFundamentals of advanced accounting /
_cJoe B. Hoyle, Thomas F. Schaefer, Timothy S. Doupnik.
250 _a4th ed.
260 _aNew York :
_bMcGraw-Hill Irwin,
_cc2011.
300 _a593 f. ;
_c29 cm.
650 0 _aLlogaria
650 0 _aKontabilitet
700 1 _aSchaefer, Thomas F.
700 1 _aDoupnik, Timothy S.
942 _2udc
_cBK
999 _c798
_d798